000 00720nam a2200241Ia 4500
003 OSt
005 20220927105707.0
006 a|||||r|||| 00| 0
007 ta
008 220926b |||||||| |||| 00| 0 eng d
024 _a201096
037 _cReference Collections
040 _aRTL
_cRTL
_beng
041 _2eng
_aeng
082 _a"P111:4k, 152K9.1/RR"
100 _aBahari Hardesh
_9374228
245 0 _aComprehensive English Hindi Dictionary
260 _aVaranashi
_bGyanmandal LTD
_c1969
300 _a1238
_ccm.
490 _vVol.1 A-N
_aPopular Social Science
942 _h"P111:4k, 152K9.1/RR"
_cCC
999 _c693930
_d693930